Statistiques concernant Culture Générale - Série 2333

Cliquez ici pour prendre le quiz!

Statistiques générales

  • Ce quiz a été pris 105 fois
  • Le résultat moyen est 4 sur 10

Statistiques - réponses

QuestionRéponse% Correct
Dans quel pays se trouve le lac de Côme ?Italie
97%
De quel pays Belmopan est-elle la capitale ?Belize
66%
De quel pays est originaire le mot "hussard" ? voir photoHongrie
40%
Sous quel nom connait-on mieux l'actrice Sylvette Herry ?Miou-Miou
35%
Sous quel nom connait-on mieux la chanteuse, actrice, et animatrice de télévision française Frédérique Hoschedé ?Dorothée
34%
L'anagramme de "scierai" est un terme littéraire ou historique pour désigner un tueur à gages.sicaire
28%
Comment appelle-t-on familièrement une lèvre inférieure épaisse et proéminente ?lippe
26%
Petit cigare fait avec des débris de tabac, synonyme de cigarilloninas
16%
L'anagramme de "cloutes" désigne un cricket migrateur et une empoisonneuse de la Rome antique.locuste
6%
Dans le film "L'armée des ombres" réalisé en 1969 par Jean-Pierre Melville, quel personnage (prénom) incarne Simone Signoret ?Mathilde
5%

Distribution des résultats

Percentile par nombre de réponses

% des personnes avec chaque résultat

Votre développement - résultats

Vous n’avez pas pris ce quiz